| 000 | 00444nmm a2200169Ia 4500 | ||
|---|---|---|---|
| 008 | 251105s9999||||xx |||||||||||||||||und|| | ||
| 020 | _a9788468704739 | ||
| 041 | _aspa | ||
| 100 | _aNovak, Brenda | ||
| 245 | 0 | _aMentira perfecta | |
| 264 |
_a[Madrid, España] : _bHarlequin, _c2012 |
||
| 300 | _a432 páginas | ||
| 490 | _a'La perfección' | ||
| 650 | _aRomance | ||
| 856 | _uhttps://public.digitaliapublishing.com/a/50306 | ||
| 942 | _cCF | ||
| 999 |
_c83885 _d83885 |
||